Prelude to Foundation / (Record no. 173062)
[ view plain ]
| 000 -LEADER | |
|---|---|
| fixed length control field | 01187cam a2200325 a 4500 |
| 001 - CONTROL NUMBER | |
| control field | 1529161 |
| 003 - CONTROL NUMBER IDENTIFIER | |
| control field | Nust |
| 005 - DATE AND TIME OF LATEST TRANSACTION | |
| control field | 20180712081814.0 |
| 008 - FIXED-LENGTH DATA ELEMENTS--GENERAL INFORMATION | |
| fixed length control field | 900129s1988 enk 000 1 eng |
| 010 ## - LIBRARY OF CONGRESS CONTROL NUMBER | |
| LC control number | 90110584 |
| 020 ## - INTERNATIONAL STANDARD BOOK NUMBER | |
| International Standard Book Number | 9780586071113 (pbk) |
| Terms of availability | Rs. 452 |
| 038 ## - RECORD CONTENT LICENSOR | |
| Staff Name | Arshad |
| 040 ## - CATALOGING SOURCE | |
| Original cataloging agency | DLC |
| Transcribing agency | DLC |
| Modifying agency | DLC |
| 050 00 - LIBRARY OF CONGRESS CALL NUMBER | |
| Classification number | PS3551.S5 |
| Item number | P7 1988c |
| 082 00 - DEWEY DECIMAL CLASSIFICATION NUMBER | |
| Classification number | 813.54 |
| Author Mark | ASI |
| 100 1# - MAIN ENTRY--PERSONAL NAME | |
| Personal name | Asimov, Isaac, |
| Dates associated with a name | 1920-1992. |
| 9 (RLIN) | 8182 |
| 245 10 - TITLE STATEMENT | |
| Title | Prelude to Foundation / |
| Statement of responsibility, etc. | Isaac Asimov. |
| 260 ## - PUBLICATION, DISTRIBUTION, ETC. | |
| Place of publication, distribution, etc. | London : |
| Name of publisher, distributor, etc. | Grafton Books, |
| Date of publication, distribution, etc. | 1988. |
| 300 ## - PHYSICAL DESCRIPTION | |
| Extent | 461 p. ; |
| Dimensions | 24 cm. |
| 500 ## - GENERAL NOTE | |
| General note | This, the latest of 14 Foundation books, is reckoned by Asimov to be the 9th in terms of the chronology of the events covered. Cf. "Author's note" (p. 9-[10]). |
| 500 ## - GENERAL NOTE | |
| General note | LC copy in dust jacket. |
| Institution to which field applies | DLC |
| 500 ## - GENERAL NOTE | |
| General note | Source: Purchase, June 10, 1989 (DLC #95125). |
| Institution to which field applies | DLC |
| 600 10 - SUBJECT ADDED ENTRY--PERSONAL NAME | |
| Personal name | Seldon, Hari |
| Titles and other words associated with a name | (Fictitious character) |
| Form subdivision | Fiction. |
| 9 (RLIN) | 11610 |
| 650 #0 - SUBJECT ADDED ENTRY--TOPICAL TERM | |
| Topical term or geographic name entry element | Life on other planets |
| Form subdivision | Fiction. |
| 9 (RLIN) | 11611 |
| 650 #0 - SUBJECT ADDED ENTRY--TOPICAL TERM | |
| Topical term or geographic name entry element | Psychohistory |
| Form subdivision | Fiction. |
| 9 (RLIN) | 11612 |
| 655 #7 - INDEX TERM--GENRE/FORM | |
| Genre/form data or focus term | Science fiction. |
| Source of term | gsafd |
| 9 (RLIN) | 1086 |
| 906 ## - LOCAL DATA ELEMENT F, LDF (RLIN) | |
| a | 7 |
| b | cbc |
| c | orignew |
| d | 3 |
| e | ncip |
| f | 19 |
| g | y-gencatlg |
| 942 ## - ADDED ENTRY ELEMENTS (KOHA) | |
| Source of classification or shelving scheme | |
| Koha item type | Book |
| Withdrawn status | Lost status | Source of classification or shelving scheme | Damaged status | Not for loan | Collection code | Permanent Location | Current Location | Shelving location | Date acquired | Total Checkouts | Total Renewals | Full call number | Barcode | Date last seen | Date last checked out | Copy number | Price effective from | Koha item type |
|---|---|---|---|---|---|---|---|---|---|---|---|---|---|---|---|---|---|---|
| Central Library (CL) | Central Library (CL) | Fiction | 01/18/2017 | 3 | 2 | 813.54 ASI | CL552 | 09/10/2022 | 09/10/2022 | 1 | 01/18/2017 | Book |
